Les 10 plus grandes villes de Slovénie - Statistiques

Statistiques générales
  • Ce quiz a été pris 111 fois
  • Le résultat moyen est 5 sur 10
Statistiques - réponses
Habitants Ville % Correct
284 355 Ljubljana
98%
96 211 Maribor
90%
53 155 Koper/Capodistria
62%
37 875 Celje
51%
55 432 Kranj
47%
23 525 Ptuj
33%
36 333 Novo Mesto
30%
29 246 Kamnik
22%
32 862 Velenje
18%
21 679 Jesenice
12%
Aucun quiz correspondant
Distribution des résultats
% des personnes avec chaque résultat
Percentile par nombre de réponses
Votre historique - résultats
Vous n’avez pas pris ce quiz